Sociology and social problems for all degree classes (Record no. 3599)

000 -LEADER
fixed length control field 00406nam a22001577a 4500
003 - CONTROL NUMBER IDENTIFIER
control field Nust
005 - DATE AND TIME OF LATEST TRANSACTION
control field 20170105101220.0
008 - FIXED-LENGTH DATA ELEMENTS--GENERAL INFORMATION
fixed length control field 161119b xxu||||| |||| 00| 0 eng d
040 ## - CATALOGING SOURCE
Transcribing agency LOC
082 ## - DEWEY DECIMAL CLASSIFICATION NUMBER
Classification number 300
100 ## - MAIN ENTRY--PERSONAL NAME
Personal name Abdul Hameed Taga
9 (RLIN) 39
245 ## - TITLE STATEMENT
Title Sociology and social problems for all degree classes
260 ## - PUBLICATION, DISTRIBUTION, ETC.
Place of publication, distribution, etc. Lahore
Name of publisher, distributor, etc. Abdul Hameed taga and Sons
Date of publication, distribution, etc. 2008
300 ## - PHYSICAL DESCRIPTION
Extent 413p
942 ## - ADDED ENTRY ELEMENTS (KOHA)
Koha item type Book
Source of classification or shelving scheme
Holdings
Withdrawn status Lost status Source of classification or shelving scheme Damaged status Not for loan Collection code Permanent Location Current Location Shelving location Date acquired Total Checkouts Full call number Barcode Date last seen Date last checked out Price effective from Koha item type
            Central Library (CL) Central Library (CL) General Stacks 11/19/2016 1 300 TAG S3H-N-316 11/15/2019 10/03/2018 11/19/2016 Book
© 2023 Central Library, National University of Sciences and Technology. All Rights Reserved.